00764cam a2200241 a 450000100100000000500170001000800410002702000150006804000230008304200080010604300210011405000230013508200140015810000360017224500640020826000600027230000360033265000290036865000310039765100440042865000310047208200190050300001441620200929163841.0010509s2001 pe ac f000 0dspa  a9972755584 aDO-SdBNPcDLCdDLC apcc as-pe---ae-it---00aF3619.I8bZ35 2001 annnbZ34h1 aZanutelli Rosas, Manuel.d1934-13aLa huella de Italia en el Perú /cManuel Zanutelli Rosas. aLima :bFondo Editorial del Congreso del Perú,c2001. a235 p. :bil., retrs. ;c28 cm. 0aItalianszPeruxHistory. 0aImmigrantszPeruxHistory. 0aPeruxCivilizationxItalian Influences. 0aItalianszPeruvBiography.00a985/.00451221